000 01101nam0a22002651 4500
001 rc\313527
005 20260406125856.0
035 _a(NLR Aleph) 005548069
090 _a5781057
_c5781057
100 _a20030307d1990 |||y0rusy50 ca
101 0 _arus
102 _aRU
105 _aa |||||||||
200 1 _aПОД ВЛАСТЬЮ звезд
_e(Астрология наших дней)
_eРекомендация
_fПроизв.-техн. бюро "Агат"
_g[Глушко В.П.]
210 _aАлма-Ата
_cБ. и.
_d1990
215 _a38 с.
_cил.
_d20
300 _aАвт. указан в конце текста
702 1 _4220
_7ca
_8rus
_aГлушко
_bВ. П.
_cинженер-конструктор, ракетостороение
_f1908-1989
_gВалентин Петрович
_9182514
_3RU\NLR\AUTH\770182565
712 0 2 _a"Агат", производственно-техническое бюро
_cАлма-Ата
_9311873
_3RU\NLR\AUTH\8819251
801 0 _aRU
_bNLR
_gpsbo
801 1 _aRU
_bELAR
_2rusmarc
852 _aNLR
_j90-4/17252
942 _cBOOK
980 _aNB